Mechanical engineering thermodynamics (Record no. 6366)

000 -LEADER
fixed length control field 00494nam a22001937a 4500
001 - CONTROL NUMBER
control field 6366
003 - CONTROL NUMBER IDENTIFIER
control field BD-DhUET
008 - FIXED-LENGTH DATA ELEMENTS--GENERAL INFORMATION
fixed length control field 141202b xxu||||| |||| 00| 0 eng d
020 ## - INTERNATIONAL STANDARD BOOK NUMBER
International Standard Book Number 0852642768
040 ## - CATALOGING SOURCE
Original cataloging agency DLC
Transcribing agency DLC
Modifying agency BD-DhUET
082 ## - DEWEY DECIMAL CLASSIFICATION NUMBER
Classification number 621.01
Edition number PLI/1986
100 ## - MAIN ENTRY--PERSONAL NAME
Personal name Plint , M. A.
245 ## - TITLE STATEMENT
Title Mechanical engineering thermodynamics
Remainder of title a laboratory course
250 ## - EDITION STATEMENT
Edition statement 1st ed.
260 ## - PUBLICATION, DISTRIBUTION, ETC. (IMPRINT)
Place of publication, distribution, etc. London
Name of publisher, distributor, etc. Charles Griffin
Date of publication, distribution, etc. 1986
300 ## - PHYSICAL DESCRIPTION
Extent xiv,232p.
650 #0 - SUBJECT ADDED ENTRY--TOPICAL TERM
Topical term or geographic name as entry element Thermodynamics
942 ## - ADDED ENTRY ELEMENTS (KOHA)
Koha item type General Book
Holdings
Shelving location Withdrawn status Koha full call number Damaged status Koha normalized classification for sorting Piece designation (barcode) Not for loan Date acquired Source of classification or shelving scheme Koha date last seen Lost status Sublocation or collection (holding branch) Location (home branch) Price effective from Koha item type Copy number
Circulation section 621.01/PLI/1980 621_010000000000000_PLI_198072707 2014-12-02 2014-12-02 Central Library, BUETCentral Library, BUET2014-12-02General Book1